Préfectures de France : Lille - Statistiques

Statistiques générales
  • Ce quiz a été pris 80 fois
  • Le résultat moyen est 15 sur 28
Statistiques - réponses
Question Réponse % Correct
Quel numéro porte celui-ci ? 59
100%
Comment se nomment ses habitants ? Lillois
99%
De quel département est-ce la préfecture ? Nord
97%
La ville appartient à l'académie de/d' Lille
92%
La ville appartient au diocèse de/d' Lille
92%
A quelle région administrative appartient la ville depuis 2015 ? Hauts-de-France
89%
Citez une des deux villes de près de 100000 habitants proches de Lille Roubaix | Tourcoing
89%
Quelles sont les sous-préfectures qui en dépendent ? Dunkerque
79%
Quel est le nom abrégé du club de football de la ville ? LOSC
79%
La couleur principal du blason est le/la/l' rouge
78%
Le principal journal local est La Voix du Nord
74%
Quelles sont les sous-préfectures qui en dépendent ? Valenciennes
70%
Pour protéger la ville, Louis XIV y fait construire une citadelle
63%
Ancien premier ministre de François Mitterrand, qui était maire de Lille (prénom et nom) Pierre Mauroy
59%
Quelles sont les sous-préfectures qui en dépendent ? Douai
58%
La ville est tangentée par la/le Deûle
51%
Quelles sont les sous-préfectures qui en dépendent ? Cambrai
44%
Lille a longtemps dépendu de l'archevêché de Cambrai
44%
Citez une des communes absorbées par la ville en 1858 Wazemmes | Les Moulins | Fives | Esquermes
38%
Quelles sont les sous-préfectures qui en dépendent ? Avesnes-sur-Helpe
25%
Les communes limitrophes dont le nom contient un P sont Pérenchies
19%
Qui est le fondateur légendaire de la commune ? Lydéric
15%
Les communes limitrophes dont le nom contient un P sont Lompret
8%
Maire de Lille qui se suicide suite à une campagne de calomnie Roger Salengro
8%
Les communes limitrophes dont le nom contient un P sont Capinghem
7%
Les communes limitrophes dont le nom contient un P sont Prémesques
4%
Les communes limitrophes dont le nom contient un P sont Ennetières-en-Weppes
3%
Quel est le nom de la commune en 967 ? Ylensi
3%
Aucun quiz correspondant
Distribution des résultats
% des personnes avec chaque résultat
Percentile par nombre de réponses
Votre historique - résultats
Vous n’avez pas pris ce quiz